000
00331nam a22001337a 4500
008
240924b |||||||| |||| 00| 0 eng d
020
_a
81-224-1490-7
100
_a
D S Yadav
245
_a
Foundations of Information Technology
260
_a
New Delhi
_b
New Age Pub.
_c
2003
300
_a
506
650
_a
BB-CSE
942
_2
ddc
_c
BK
999
_c
20919
_d
20919